LDR 01278naa#a2200169#i#450# 001 RU\\bibl\121715 005 20260503160733.7 011 ## _a1998-8990 100 ## _a20260423b2026####ek#y0rusy0150####ca 102 ## _aRU 200 1# _aПРОГНОЗИРОВАНИЕ СУТОЧНЫХ УРОВНЕЙ ВОДЫ РЕКИ ПУР ЗА НАВИГАЦИОННЫЙ ПЕРИОД НА ОСНОВЕ ТРАНСФОРМЕРНЫХ НЕЙРОННЫХ СЕТЕЙ _eЖурнальная статья 210 1# _aСанкт-Петербург _cСанкт-Петербургский университет Государственной противопожарной службы Министерства Российской Федерации по делам гражданской обороны, чрезвычайным ситуациям и ликвидации последствий стихийных бедствий имени Героя Российской Федерации генерала армии Е.Н. Зиничева _d2026 215 ## _a19 с. 608 ## _aЖурнальная статья _2local 675 ## _aГидросфера. Вода в целом. Общая гидрология. 556 _z 700 #1 _aВолкова _gНадежда Александровна 856 4# _ajournals.igps.ru _u